| 000 | 01119nam0a2200289 i 4500 | ||
|---|---|---|---|
| 001 | RU\NLR\BIBL_A\012308145 | ||
| 005 | 20241117192950.0 | ||
| 035 | _a(NLR Aleph) 012308145 | ||
| 090 |
_a11356794 _c11356794 |
||
| 100 | _a20200805d2014 c y0rusy50 ca | ||
| 101 | 0 |
_aoaa _arus |
|
| 102 | _aRU | ||
| 105 | _aa z 000 y | ||
| 181 | 0 |
_ai _baxxe |
|
| 182 | 0 | _an | |
| 200 | 1 |
_aЛакэ ситтэи олини _dБлизким тебе станет _fЕ. А. Бибикова _g[рис. Е. А. Бибикова и др.] |
|
| 203 |
_aТекст _bвизуальный _cнепосредственный |
||
| 210 |
_aЮжно-Сахалинск _cСахалин-Приамурские ведомости _d2014 |
||
| 215 |
_a23 с. _cцв. ил. _d29 |
||
| 300 | _aТекст парал. на орок. и рус. яз. | ||
| 510 | 1 |
_aБлизким тебе станет _zrus |
|
| 686 | 1 | _aШ9(2)6=Орок-5 | |
| 700 | 1 |
_aБибикова _bЕ. А. _cпереводчик _gЕлена Алексеевна _4070 _4440 |
|
| 852 |
_aNLR _bОНЛ _jОрок./5-2 |
||
| 942 | _cBOOK | ||
| 980 | _aNBR | ||